000
00316 a2200145 4500
001
64421
040
_c
Anchieta - Pituba
100
_a
Oliveira, Waldir Freitas
240
1
0
_a
Orlando Gomes
_l
por
245
1
0
_a
Orlando Gomes
300
_a
334
362
0
_a
2006
650
4
_a
de criminosos ou advogados
942
_c
BK
999
_c
64421
_d
64421